000 00523nam a2200169Ia 4500
005 20250508160221.0
008 008 250505s9999 xx 000 0 eng d
037 _aTextual
040 _aFEDL
_beng
_cFEDL
041 _aeng
_2eng
084 _a378.973, AME
_qFEDL
245 0 _aFederal government and higher education : The American assembly columbia university
260 _aEnglewood Cliffs
_b Prentice-Hall
_c1960
300 _aix,205p.
942 _cTEXL
_h378.973, AME
999 _c1362746
_d1362746